Designing and writing online documentation : hypermedia for self-supporting products
Αποθηκεύτηκε σε:
| Κύριος συγγραφέας: | |
|---|---|
| Μορφή: | Βιβλίο |
| Γλώσσα: | English |
| Δημοσίευση: |
New York :
Wiley,
c1994
|
| Θέματα: | |
| Ετικέτες: |
Προσθήκη ετικέτας
Δεν υπάρχουν, Καταχωρήστε ετικέτα πρώτοι!
|
MARC
| LEADER | 00000nam a2200000 i 4500 | ||
|---|---|---|---|
| 001 | 1/9218 | ||
| 008 | 000802s1994 eng d | ||
| 020 | |a 0-471-30635-5 | ||
| 035 | |l 10062971 | ||
| 040 | |a GR-MY-UA |b gre |e aacr | ||
| 041 | 0 | |a eng | |
| 082 | 0 | |a 808.066005 | |
| 100 | 1 | |a Horton, William. | |
| 245 | 1 | 0 | |a Designing and writing online documentation : |b hypermedia for self-supporting products / |c William Horton |
| 260 | |a New York : |b Wiley, |c c1994 | ||
| 300 | |a xxiii, 439 p. | ||
| 504 | |a Includes bibliographical references and index | ||
| 650 | 0 | 0 | |a Electronic data processing documentation. |
| 650 | 0 | 0 | |a Online data processing. |
| 650 | 0 | 0 | |a Hypertext systems. |
| 852 | |a INST |b CHIOS |e 20000802 |h 808.066005 HOR |p 005200011738 |q 005200011738 |t BK |y 0 | ||
| 909 | |a Χ |b 046586 | ||
| 922 | |a 2ΕΛΗ |b 199512 |c ΓΚΟΤΣΙΑΣ | ||
| 970 | |a ΣΑΛΑΜΟΥΡΑ |b ΜΑΡΙΑ |z 2000/08/08 | ||